Joueurs de football les mieux valorisé par image - Mort subite - Statistiques

Statistiques générales
  • Ce quiz a été pris 2 485 fois
    1 269 depuis la dernière actualisation
  • Le résultat moyen est 6 sur 18
Answers on the Grid
Answers color-coded by a green-red scale on the quiz's grid according to % correct below.
Lamine Yamal
Jude Bellingham
Erling Haaland
Kylian Mbappé
Vinicius Junior
Bukayo Saka
Pedri
Florian Wirtz
Jamal Musiala
Federico Valverde
Cole Palmer
Declan Rice
Alexander Isak
Rodri
Julián Alvarez
Michael Olise
Alexis Mac Allister
Phil Foden
Rodrygo
Martin Ødegaard
Eduardo Camavinga
Aurélien Tchouaméni
Lautaro Martínez
Gavi
Harry Kane
Khvicha Kvaratskhelia
Luis Díaz
Moisés Caicedo
Xavi Simons
Bruno Guimarães
Nicolò Barella
Enzo Fernández
Josko Gvardiol
Dominik Szoboszlai
Gabriel Magalhães
Rafael Leão
 
Statistiques - réponses
Réponse % Correct
Kylian Mbappé
60%
Erling Haaland
58%
Lamine Yamal
58%
Jude Bellingham
50%
Vinicius Junior
49%
Pedri
37%
Florian Wirtz
35%
Jamal Musiala
34%
Bukayo Saka
28%
Cole Palmer
28%
Phil Foden
26%
Declan Rice
22%
Alexander Isak
21%
Michael Olise
19%
Rodri
17%
Federico Valverde
15%
Julián Alvarez
13%
Alexis Mac Allister
6%
Aucun quiz correspondant
Distribution des résultats
% des personnes avec chaque résultat
Percentile par nombre de réponses
Votre historique - résultats
Vous n’avez pas pris ce quiz depuis la dernière actualisation